| 000 | 01298nam a2200241Ia 4500 | ||
|---|---|---|---|
| 000 | 01959naaa 00385uu | ||
| 001 | https://directory.doabooks.org/handle/20.500.12854/63727 | ||
| 005 | 20260218105730.0 | ||
| 008 | 211013s9999 xx 000 0 und d | ||
| 024 | _a10.1515/9783110684384 | ||
| 042 | _adc | ||
| 245 | 0 | _aHandbook of Stemmatology : History, Methodology, Digital Approaches | |
| 260 |
_aBerlin/Boston _bDe Gruyter _c2020 |
||
| 300 | _a1 electronic resource (688 p.) | ||
| 520 | _aStemmatology studies aspects of textual criticism that use genealogical methods. This handbook is the first to cover the entire field, encompassing both theoretical and practical aspects, ranging from traditional to digital methods. Authors from all the disciplines involved examine topics such as the material aspects of text traditions, methods of traditional textual criticism and their genesis, and modern digital approaches used in the field. | ||
| 540 | _aCreative Commons | ||
| 653 | _aTextual criticism | ||
| 700 | 1 | _aRoelli, Philipp | |
| 700 | 1 | _aRoelli, Philipp | |
| 856 |
_uhttps://docs.google.com/spreadsheets/d/1yKIrdCPDAG_9c22mwoOIO2DOhtj65Wqa/edit?usp=sharing&ouid=106555315294820607512&rtpof=true&sd=true _yList of Curated E-Books |
||
| 942 | _cE-BOOK | ||
| 999 |
_c90085 _d90082 |
||